[Event "Jesenik Rapid op"]
[Site "Jesenik"]
[Date "2023.08.18"]
[Round "8"]
[White "Gregor, Pavel"]
[Black "Gvizdova, Michala"]
[Result "0-1"]
[WhiteElo "1519"]
[BlackElo "1354"]
[PlyCount "127"]
[EventDate "2023.08.18"]
[EventType "swiss (rapid)"]
[EventRounds "9"]
[EventCountry "CZE"]
[SourceTitle "EXT 2024"]
[Source "ChessBase"]
[SourceDate "2023.10.10"]
[SourceVersion "1"]
[SourceVersionDate "2023.10.10"]
[SourceQuality "1"]

1. d4 d5 2. c4 c6 3. e3 e6 4. Bd3 dxc4 5. Bxc4 Nf6 6. Bd3 Bd6 7. Nf3 Nbd7 8. Nc3 b6 9. a3 Bb7 10. Bd2 c5 11. dxc5 Nxc5 12. Bb5+ Nfd7 13. 0-0 a6 14. Be2 0-0 15. Rc1 Qf6 16. b4 Ne4 17. Nxe4 Bxe4 18. Bc3 e5 19. Ba1 Rfd8 20. Ne1 b5 21. Bf3 Bxf3 22. Nxf3 Qh6 23. Rc6 Nb8 24. Rb6 e4 25. Ne5 Ra7 26. Ng4 Bxh2+ 27. Nxh2 Qxb6 28. Bd4 Qe6 29. Qa1 Rad7 30. Rc1 f6 31. Nf1 Nc6 32. Bc5 Ne5 33. Bd4 Nd3 34. Rc2 Qb3 35. Rc6 Rd6 36. Rc7 Qe6 37. Ng3 Rc8 38. Rxc8+ Qxc8 39. Nf5 Rd7 40. Ng3 Qc1+ 41. Qxc1 Nxc1 42. Nxe4 Ne2+ 43. Kh2 Nxd4 44. exd4 Rxd4 45. Nc5 Rd6 46. f3 Kf7 47. Kg3 g5 48. Ne4 Rc6 49. Nc5 h5 50. Kf2 a5 51. Nd3 a4 52. Nc5 Ke7 53. Ke3 f5 54. Kd3 Rd6+ 55. Ke2 Rd4 56. Ke3 Rc4 57. Nb7 f4+ 58. Kd3 g4 59. fxg4 hxg4 60. Nc5 f3 61. gxf3 g3 62. Ke2 Rc2+ 63. Kf1 Kf6 64. Ne4+ 0-1

[Event "Jesenik Rapid op"]
[Site "Jesenik"]
[Date "2023.08.18"]
[Round "9"]
[White "Gvizdova, Michala"]
[Black "Krejca, Jakub"]
[Result "0-1"]
[WhiteElo "1354"]
[BlackElo "2061"]
[PlyCount "94"]
[EventDate "2023.08.18"]
[EventType "swiss (rapid)"]
[EventRounds "9"]
[EventCountry "CZE"]
[SourceTitle "EXT 2024"]
[Source "ChessBase"]
[SourceDate "2023.10.10"]
[SourceVersion "1"]
[SourceVersionDate "2023.10.10"]
[SourceQuality "1"]

1. e4 e6 2. d4 d5 3. e5 c5 4. c3 Nc6 5. Nf3 Qb6 6. Be2 Nge7 7. 0-0 cxd4 8. cxd4 Nf5 9. Be3 Qxb2 10. Nbd2 Nfxd4 11. Nxd4 Nxd4 12. Bxd4 Qxd4 13. Bb5+ Bd7 14. Bxd7+ Kxd7 15. Qe2 a6 16. Rac1 Ba3 17. Nb3 Qf4 18. Rc3 Be7 19. Rf3 Qg4 20. Qe3 Rhc8 21. Rxf7 Ke8 22. Rf3 Qg5 23. Qb6 Qxe5 24. Re3 Qd6 25. Rxe6 Qxb6 26. Rxb6 Rc7 27. Re1 Kf7 28. g3 Rd8 29. Na5 d4 30. Nxb7 Rdd7 31. Na5 d3 32. Rd1 Rc2 33. Nc6 Bf6 34. Nb4 Rb2 35. a3 a5 36. Rxf6+ gxf6 37. Na6 Rc2 38. Kg2 d2 39. Nb8 Re7 40. Nc6 Re1 41. Rxd2 Rxd2 42. Nxa5 Ree2 43. Nc4 Rxf2+ 44. Kh3 Rxh2+ 45. Kg4 Rdf2 46. Nd6+ Kg6 47. Ne4 h5# 0-1